The ASCRS Manual of Colon and Rectal Surgery (Record no. 605949)

MARC details
000 -LEADER
fixed length control field 00488nam a2200157 a 4500
008 - FIXED-LENGTH DATA ELEMENTS--GENERAL INFORMATION
fixed length control field 251230s2025##################000#0#eng##
020 ## - INTERNATIONAL STANDARD BOOK NUMBER
ISBN 9781461484493
082 04 - DEWEY DECIMAL CLASSIFICATION NUMBER
Classification number 617
Item number BEC
100 ## - MAIN ENTRY--AUTHOR NAME
Personal name Beck ,David E.
245 10 - TITLE STATEMENT
Title The ASCRS Manual of Colon and Rectal Surgery
Statement of responsibility, etc David E. Beck (Editor), Steven D. Wexner (Editor), Tracy L. Hull (Editor), Patricia L. Roberts
250 ## - EDITION STATEMENT
Edition statement 2nd
260 ## - PUBLICATION, DISTRIBUTION, ETC. (IMPRINT)
Name of publisher Springer Nature
Year of publication 2014
300 ## - PHYSICAL DESCRIPTION
Number of Pages 1005 pages
942 ## - ADDED ENTRY ELEMENTS (KOHA)
Koha item type Reference
Holdings
Withdrawn status Lost status Damaged status Not for loan Home library Current library Shelving location Date acquired Full call number Accession Number Price effective from Koha item type
        Anna Centenary Library Anna Centenary Library 5TH FLOOR, B WING 30.12.2025 617 BEC 442160 30.12.2025 English Books

Find us on the map